ARRUPE JESUIT UNIVERSITY

CORONAVIRUS -STOP THE SPREAD - CLEAN,DISINFECT,COVER

Brokenness and blessing : (Record no. 124250)

MARC details
000 -LEADER
fixed length control field 01384cam a2200349 a 4500
001 - CONTROL NUMBER
control field 14818638
003 - CONTROL NUMBER IDENTIFIER
control field ARRUPE
005 - DATE AND TIME OF LATEST TRANSACTION
control field 20160229153102.0
008 - FIXED-LENGTH DATA ELEMENTS--GENERAL INFORMATION
fixed length control field 070423s2007 miu b 001 0 eng
010 ## - LIBRARY OF CONGRESS CONTROL NUMBER
LC control number 2007016674
020 ## - INTERNATIONAL STANDARD BOOK NUMBER
International Standard Book Number 9780801035043 (pbk.)
020 ## - INTERNATIONAL STANDARD BOOK NUMBER
International Standard Book Number 080103504X (pbk.)
035 ## - SYSTEM CONTROL NUMBER
System control number (OCoLC)ocn123767122
035 ## - SYSTEM CONTROL NUMBER
System control number (OCoLC)123767122
040 ## - CATALOGING SOURCE
Original cataloging agency DLC
Transcribing agency DLC
Modifying agency DLC
050 00 - LIBRARY OF CONGRESS CALL NUMBER
Classification number BV4501.3
Item number .Y685 2007
082 00 - DEWEY DECIMAL CLASSIFICATION NUMBER
Classification number 248
Edition number 22
300 ## - PHYSICAL DESCRIPTION
Dimensions 22 cm.
100 1# - MAIN ENTRY--PERSONAL NAME
Personal name Young, Frances M.
Fuller form of name (Frances Margaret)
9 (RLIN) 22576
245 10 - TITLE STATEMENT
Title Brokenness and blessing :
Remainder of title towards a biblical spirituality /
Statement of responsibility, etc Frances M. Young.
246 14 - VARYING FORM OF TITLE
Title proper/short title Brokenness & blessing
260 ## - PUBLICATION, DISTRIBUTION, ETC. (IMPRINT)
Place of publication, distribution, etc Grand Rapids, Mich. :
Name of publisher, distributor, etc Baker Academic,
Date of publication, distribution, etc c2007.
300 ## - PHYSICAL DESCRIPTION
Extent 140 p. ;
504 ## - BIBLIOGRAPHY, ETC. NOTE
Bibliography, etc Includes bibliographical references (p. 123-135) and index.
505 0# - FORMATTED CONTENTS NOTE
Formatted contents note The desert experience -- Wrestling Jacob -- The way of Jesus -- Strangers and exiles -- Desire frustrated and fulfilled.
650 #0 - SUBJECT ADDED ENTRY--TOPICAL TERM
Topical term or geographic name as entry element Spirituality.
9 (RLIN) 22577
650 #0 - SUBJECT ADDED ENTRY--TOPICAL TERM
Topical term or geographic name as entry element Spirituality
General subdivision Biblical teaching.
9 (RLIN) 22578
650 #0 - SUBJECT ADDED ENTRY--TOPICAL TERM
Topical term or geographic name as entry element Spiritual life
General subdivision Christianity.
9 (RLIN) 22579
650 #0 - SUBJECT ADDED ENTRY--TOPICAL TERM
Topical term or geographic name as entry element Spiritual life
General subdivision Biblical teaching.
9 (RLIN) 674
906 ## - LOCAL DATA ELEMENT F, LDF (RLIN)
a 7
b cbc
c orignew
d 1
e ecip
f 20
g y-gencatlg
942 ## - ADDED ENTRY ELEMENTS (KOHA)
Source of classification or shelving scheme Library of Congress Classification
Koha item type Monograph ( Printed materials)
Holdings
Withdrawn status Lost status Source of classification or shelving scheme Damaged status Not for loan Collection code Home library Current library Shelving location Date acquired Total Checkouts Full call number Barcode Date last seen Date checked out Price effective from Koha item type
    Library of Congress Classification     Main Collection ARRUPE LIBRARY ARRUPE LIBRARY Main Collection 29/02/2016 1 BV4501.3.Y685 2007 46500006744 07/04/2022 01/04/2022 29/02/2016 Monograph ( Printed materials)

 

Arrupe Library. PO Box MP320 Mt Pleasant, Harare, Zimbabwe
263 242 745411|librarian@aju.ac.zw